Countries That Export the Most Light Fixtures - Statistics

General Stats
  • This quiz has been taken 10 times
  • The average score is 8 of 12
Answer Stats
% of World's Exported
Light Fixtures
Country % Correct
63% China
100%
5.02% Germany
89%
2.08% United States
89%
1.35% France
78%
3.1% Italy
78%
2.11% Netherlands
78%
1.37% Spain
78%
1.21% Canada
67%
3.41% Mexico
67%
2.3% Poland
56%
1.4% Austria
33%
1.11% Cambodia
11%
No matching quizzes found
Score Distribution
Percent of People with Each Score
Percentile by Number Answered
Your Score History
You have not taken this quiz